000 00380nam a2200169Ia 4500
001 7009
003 IN-NITTTR
005 20251114233024.0
008 251113s9999||||xx |||||||||||||| ||eng||
040 _beng
040 _cIN-NITTTR
041 _aeng
082 _a671.529 C362S
100 _aChang, Paul K.
245 0 _aSeparation of flow. /
_cChang, Paul K.
942 _2ddc
_cBK
999 _c9647
_d9647